| 000 | 00686nam a2200169 4500 | ||
|---|---|---|---|
| 999 |
_c16544 _d16544 |
||
| 008 | 220223b ||||| |||| 00| 0 eng d | ||
| 022 | _a0091-4169 | ||
| 082 | _aDPer 364.05 J82 2011 v101 n.2 | ||
| 100 |
_aRocque, Michael. _944060 |
||
| 245 |
_aUnderstanding the antecedents of the "school-to-jail" link: _bthe relationship between race and school discipline/ _cMichael Rocque and Raymond Paternoster. |
||
| 260 |
_aEvanston: _bNorthwestern University Press, _cc2011. |
||
| 300 |
_av101 n2, pages 633-666: _billustrations; _c25 cm. |
||
| 500 | _aThe Journal of Criminal Law and Criminology. | ||
| 650 |
_aCrimes. _944061 |
||
| 700 |
_aPaternoster, R. _eAuthor. _944062 |
||
| 942 |
_2ddc _cPER |
||